000 00318nam a22001337a 4500
008 181029b xxu||||| |||| 00| 0 eng d
020 _a9780136218715
041 _aeng
080 _a339.138
100 _a61
101 _aMAR
245 _aSports Marketing A Syrategic Perspective
_cShank.M.D
942 _2udc
_cBK
999 _c50954
_d50954